Taylor Swift - Guilty as Sin? Lyrics - Statistics

General Stats
  • This quiz has been taken 312 times
  • The average score is 293 of 358
Answer Stats
Answer % Correct
I
100%
a
99%
He
99%
if
99%
If
99%
in
99%
In
99%
the
99%
What
98%
what
98%
My
97%
my
97%
on
97%
only
97%
Only
97%
sin?
97%
to
97%
he's
96%
mind?
96%
"mine"
96%
up
96%
as
95%
guilty
95%
me
95%
upper
95%
written
95%
and
92%
be
92%
can
92%
how
92%
How
92%
thigh
92%
way
92%
you
92%
die
90%
it
90%
his
88%
Am
87%
we
87%
all
86%
"Downtown
86%
Oh
86%
head
85%
while
85%
cry?
84%
sent
84%
allowed
83%
Blue
83%
did
83%
hadn't
83%
heard
83%
is
83%
never
83%
skin
83%
thing
83%
for
82%
long
82%
of
82%
so
82%
touchin'
82%
ever
81%
Without
81%
into
80%
they
80%
They
80%
keep
78%
kiss
78%
Lights"
78%
was
78%
One
77%
things
77%
back
76%
bad
76%
Drownin'
76%
hold
76%
Nile
76%
actually
75%
maze
75%
our
75%
your
75%
choose
74%
from
74%
holy?
74%
want
74%
don't
73%
fallin'
73%
I'm
73%
no
73%
or
73%
recalling
73%
slip
73%
This
73%
dream
72%
what's
72%
deep
71%
hedge
71%
just
71%
know
71%
lip
71%
religiously
71%
anyway
70%
once
70%
are
69%
crucify
69%
it's
69%
name
69%
top
69%
bone
68%
gonna
67%
Messy
67%
actions
66%
away?
66%
life
66%
like
66%
locks
66%
mad
66%
paradox
66%
stone
66%
such
66%
"There's
66%
They're
66%
wise?
66%
you've
66%
boredom's
64%
fine
64%
him
64%
ocean
64%
these
64%
These
64%
thoughts
64%
told
64%
crackin'
63%
Crashin'
63%
crashin'
63%
haunted
63%
sheets
63%
talk"
63%
bed
62%
cage
62%
I've
62%
roll
62%
Why
62%
done
61%
screamed
60%
Someone
60%
wolves
60%
already
59%
inside
59%
stunningly
59%
Throwin'
59%
We've
59%
ablaze
58%
seeing
58%
somehow?
58%
tonight
58%
vault
58%
visions
58%
trysts
57%
locked
56%
longings
56%
suffering
56%
does
55%
feel
55%
over
55%
propriety
55%
rocks
55%
waves
55%
both
53%
believe
52%
fantasies
52%
lowercase
52%
fatal
51%
make
51%
we'll
51%
uphold
50%
vow
50%
Buildin'
48%
breath
45%
grave
45%
labored
45%
takin'
45%
Giving
41%
No matching quizzes found
Score Distribution
Percent of People with Each Score
Percentile by Number Answered
Your Score History
You have not taken this quiz